<?xml version="1.0" encoding="UTF-8"?>
<record
    xmlns:xsi="http://www.w3.org/2001/XMLSchema-instance"
    xsi:schemaLocation="http://www.loc.gov/MARC21/slim http://www.loc.gov/standards/marcxml/schema/MARC21slim.xsd"
    xmlns="http://www.loc.gov/MARC21/slim">

  <leader>01648nam a22002417a 4500</leader>
  <controlfield tag="003">DO-SdBJH</controlfield>
  <controlfield tag="005">20250314144659.0</controlfield>
  <controlfield tag="008">250314b        |||||||| |||| 00| 0 spa d</controlfield>
  <datafield tag="040" ind1=" " ind2=" ">
    <subfield code="a">DO-SdBJH</subfield>
    <subfield code="b">spa</subfield>
    <subfield code="c">DO-SdBJH</subfield>
  </datafield>
  <datafield tag="090" ind1=" " ind2=" ">
    <subfield code="a">TG ANGM</subfield>
    <subfield code="b">02277 2023</subfield>
  </datafield>
  <datafield tag="100" ind1="1" ind2=" ">
    <subfield code="a">Figuereo Batista, Kelvin Luis</subfield>
    <subfield code="e">sustentante</subfield>
  </datafield>
  <datafield tag="245" ind1="1" ind2="0">
    <subfield code="a">Importancia de la reestructura del Comando Naval de Infanter&#xED;a de Marina, ARD., para la consecuci&#xF3;n del cumplimiento de la mision de la Armada de Rep&#xFA;blica Dominicana / </subfield>
    <subfield code="c"> Kelvin Luis Figuereo Batista, Abimael Cuevas M&#xE9;ndez, asesores Bienvenido P&#xE9;rez Monta&#xF1;o, Gertrudis Perera  Rodr&#xED;guez</subfield>
  </datafield>
  <datafield tag="260" ind1=" " ind2=" ">
    <subfield code="a">Santo Domingo Este :</subfield>
    <subfield code="b">INSUDE, </subfield>
    <subfield code="c">2023</subfield>
  </datafield>
  <datafield tag="300" ind1=" " ind2=" ">
    <subfield code="a">viii, 61 p&#xE1;ginas, tabla, imagen </subfield>
  </datafield>
  <datafield tag="502" ind1=" " ind2=" ">
    <subfield code="a">Trabajo de grado (Licenciado en Ciencias Navales). -- Instituto Superior para la Defensa (INSUDE). Academia Naval Marina de Guerra &#x201C;Vicealmirante Cesar D&#x2019;Windt Lavandier&#x201D;, 2023</subfield>
  </datafield>
  <datafield tag="504" ind1=" " ind2=" ">
    <subfield code="a">Incluye referencias bibliogr&#xE1;ficas e &#xED;ndices</subfield>
  </datafield>
  <datafield tag="505" ind1=" " ind2=" ">
    <subfield code="a">Las bases hist&#xF3;ricas, filos&#xF3;ficas, jur&#xED;dicas y doctrinales del Comando Naval de Infanter&#xED;a de Marina, ARD. -- Situaci&#xF3;n actual del Comando Naval de Infanter&#xED;a de Marina, ARD. -- Reestructuraci&#xF3;n del Comando Naval de Infanter&#xED;a de Marina, ARD, para la consecuci&#xF3;n del cumplimiento de la misi&#xF3;n de la Armada de Republica Dominicana</subfield>
  </datafield>
  <datafield tag="700" ind1="1" ind2=" ">
    <subfield code="a">Cuevas M&#xE9;ndez, Abimael </subfield>
    <subfield code="e">sustentante</subfield>
  </datafield>
  <datafield tag="700" ind1="1" ind2=" ">
    <subfield code="a">P&#xE9;rez Monta&#xF1;o, Bienvenido </subfield>
    <subfield code="e">asesor</subfield>
  </datafield>
  <datafield tag="700" ind1="1" ind2=" ">
    <subfield code="a"> Perera  Rodr&#xED;guez, Gertrudis</subfield>
    <subfield code="e">asesor</subfield>
  </datafield>
  <datafield tag="830" ind1=" " ind2=" ">
    <subfield code="a">INSUDE.  Academia Naval Marina de Guerra &#x201C;Vicealmirante Cesar D&#x2019;Windt Lavandier&#x201D;. Tesis y disertaciones acad&#xE9;micas</subfield>
  </datafield>
  <datafield tag="942" ind1=" " ind2=" ">
    <subfield code="2">CL</subfield>
    <subfield code="c">T</subfield>
  </datafield>
  <datafield tag="999" ind1=" " ind2=" ">
    <subfield code="c">8097</subfield>
    <subfield code="d">8097</subfield>
  </datafield>
  <datafield tag="952" ind1=" " ind2=" ">
    <subfield code="0">0</subfield>
    <subfield code="1">0</subfield>
    <subfield code="2">CL</subfield>
    <subfield code="4">0</subfield>
    <subfield code="7">0</subfield>
    <subfield code="8">CG</subfield>
    <subfield code="a">BJHA</subfield>
    <subfield code="b">BJHA</subfield>
    <subfield code="d">2025-03-14</subfield>
    <subfield code="i">23-02277</subfield>
    <subfield code="l">0</subfield>
    <subfield code="o">TG ANGM 02277 2023</subfield>
    <subfield code="p">23-02277</subfield>
    <subfield code="r">2025-03-14 14:47:22</subfield>
    <subfield code="t">e.1</subfield>
    <subfield code="w">2025-03-14</subfield>
    <subfield code="y">T</subfield>
  </datafield>
</record>
